000 02210nam a2200505 i 4500
001 195764
003 SpMaBN
005 20250815122202.0
008 240714s2007 sp | ||| ||spa
016 7 _abimoBNE20070488303
_2SpMaBN
017 _aM 9002-2007
_bOficina Depósito Legal Madrid
020 _a9788461153763
035 _a(OCoLC)434008202
035 _abimo0002379556
040 _aSpMaBN
_bspa
_cSpMaBN
_erdc
_dES-MaACL
080 _a75 Sousa, Linda de (083.824)
100 _aSousa, Linda de,
_d1949-
_0XX4606611
_9237455
_eaut
245 1 0 _aLinda de Sousa :
_b1-23 marzo 2007, Ateneo de Madrid /
_c[textos, Isabel Pires de Lima ... et al.].
246 3 4 _iTít. de cubierta
_aTransparentes
260 _a[Madrid] :
_bAteneo de Madrid,
_c[2007].
300 _a52 p., [16] h. de lám. :
_bprincipalmente il. col. ;
_c28 cm.
505 8 _aContiene: ;
_tMujeres maltratadas: una reflexión plástica /
_rJosefina Hesse. --
_tDe arte y de mujeres maltratadas /
_rJulia Sáez-Angulo
546 _aTextos en español, portugués e inglés.
546 _aTextos en español, portugués e inglés.
600 0 _aSousa, Linda de,
_d1949-
_2embne
_9237455
600 0 _aSousa, Linda de,
_9237455
_d1949-
610 2 4 _aAteneo de Madrid-
_vExposiciones-
_y2001-2009
_91924
650 7 _aPintura
_2embne
_916002
650 4 _aViolencia de género-
_xEn el arte.
_9170614
655 7 _2tgfbne
_9193628
_aCatálogos de exposiciones
700 1 _aLima, Isabel Pires de
_9148915
_eaut
700 1 _aHesse, Josefina
_9148916
700 1 _aSáez-Angulo, Julia
_9101359
710 2 _aAteneo de Madrid
_91875
_epbl
710 2 _aAteneo de Madrid.
_bSala de Santa Catalina
_91964
710 2 _aAteneo de Madrid.
_bSección de Artes Plásticas
_91970
852 _aES-MaACL
_bR.153017
_cDEPOJ
_jN-8773
_hDonación
_xEncuadernación rústica con solapas
_9203905
852 _aES-MaACL
_bR.152873
_cDEPOJ
_jN-8817
_hDonación
_xEncuadernación rústica con solapas
_9203906
852 _aES-MaACL
_j2291-F-10
942 _cMONOGRAFIA
_n0
999 _c195764
_d195764